000 00631nam a2200253Ia 4500
003 OSt
005 20220918193325.0
006 a|||||r|||| 00| 0
007 ta
008 220917b |||||||| |||| 00| 0 eng d
024 _a72,641
037 _cTextual
040 _aARTS
_cARTS
_beng
041 _2eng
_aeng
082 _aR6, J4;2-;3
100 _aChatterjee S
_976120
245 0 _aIntroduxction to Indian philosophy
250 _a5th
260 _c1954
650 _aINDIAN PHILOSOPHY
700 _a Datta D
_981493
942 _hR6, J4;2-;3
_cTEXL
_2CC
999 _c198620
_d198620